00745 a2200193 4500003000400000005001700004008004100021020001800062040000900080082001900089100002600108245004400134260004400178300001400222942004400236952012700280952012700407999001700534OSt20250610120814.0250531b |||||||| |||| 00| 0 eng d a9789352605248 coclc a005.133bACH/D1 aAcharya, Seema910574 aData analytics using R /cSeema Acharya aChennai:bMcGraw Hill Education,c2018. a555 pages 2ddccBKh005.133iACH/Dk005.133mACH/D 00102ddc40708DATAaMESbMEScCOMPd2025-06-10l0o005.133 ACH/Dp45918r2025-06-10 12:08:02t2w2025-06-10yBKzGL33R1 00102ddc40708DATAaMESbMEScCOMPd2025-06-10l0o005.133 ACH/Dp45919r2025-06-10 12:08:02t3w2025-06-10yBKzGL33R1 c44525d44525